Sports Quiz

Random Sports or WWE Quiz

Days as a champion in the WWE Quiz Stats

 Plays Quiz not verified by Sporcle

Challenge
Share
Tweet
Embed
Score 0/300 Timer 20:00
0 Plays Today
Days Superstar % Correct
1886John Cena
94.9%
1717Triple H
94.9%
175Dean Ho
92.1%
2204Hulk Hogan
91.2%
1134Randy Orton
91.1%
1226Shawn Michaels
90.4%
827The Rock
90.4%
2Mo
90.4%
630The Undertaker
90.1%
1150Edge
90.1%
1040Kane
90.1%
617Charlotte
89.9%
1148The Big Show
88.9%
1434Bret Hart
88%
10770The Fabulous Moolah
88%
770Jeff Hardy
87.9%
671Owen Hart
87.7%
822Matt Hardy
87.7%
4040Bruno Sammartino
87.5%
861CM Punk
87.4%
1067Chris Jericho
87.2%
373Ric Flair
87%
735Stone Cold Steve Austin
86.5%
1631The Miz
86.5%
151Bray Wyatt
86.5%
698+Seth Rollins
86%
922Christian
85.7%
499Roman Reigns
85.5%
50Bo Dallas
85.5%
587Rey Mysterio
84.7%
743Dean Ambrose
84.7%
984Billy Gunn
84.5%
566Road Dogg
84.3%
828Trish Stratus
84.3%
680Eddie Guerrero
83.8%
185Mankind
83.8%
328D-Von Dudley
83.8%
454Chavo Guerrero
83.6%
355Bubba Ray Dudley
83.6%
135Erick Rowan
83.3%
1449Kofi Kingston
83.3%
28Marc Mero [IC (28)], Mosh [World Tag (28)], Chavo Classic [SD CW (28)], Gail Kim [Womens (28)]
83.3%
657Batista
83.1%
718Chris Benoit
83.1%
511Kurt Angle
83%
160Lita
83%
209Spike Dudley
83%
415X-Pac
82.6%
1112+Brock Lesnar
82.5%
501John 'Bradshaw' Layfield
82.5%
70Nia Jax
82.4%
584Diesel
82.1%
534Rob Van Dam
81.6%
118Jason Jordan
81.6%
2139Bob Backlund
81.5%
45Moondog King
81.3%
897Dolph Ziggler
81.1%
508Alexa Bliss
81%
41Mr. McMahon
80.9%
370Goldust
80.9%
301Molly Holly
80.9%
934'Macho Man' Randy Savage
80.8%
276Hardcore Holly
80.8%
725The Ultimate Warrior
80.6%
170Crash Holly
80.6%
27+AOP (Akam and Rezar)
80.6%
146Stephanie McMahon
80.4%
49Shane McMahon
80.4%
437Razor Ramon
80.1%
809Big E Langston
80.1%
454The Honky Tonk Man
79.8%
774Cody Rhodes
79.4%
466Booker T
79.4%
161+Becky Lynch
79.2%
196Big Boss Man
79.1%
76Bayley
78.9%
908+Sheamus
78.9%
854The British Bulldog
78.8%
181Cedric Alexander
78.7%
653+Daniel Bryan
78.6%
307Nikki Bella
78.2%
131Carmella
78.2%
397Alberto Del Rio
77.9%
113Ted DiBiase, Jr.
77.9%
1Finn Balor [Uni (1)], Braun Strowman [Raw Tag (1)], Nicholas [Raw Tag (1)]
77.9%
411Ted DiBiase, Sr.
77.7%
331Bart Gunn
77.7%
149Naomi
77.7%
63The Club (Karl Anderson and Luke Gallows)
77.7%
195Mark Henry
77.6%
232Neville
77.4%
70Brie Bella
77.2%
698Demolition (Ax and Smash)
77.2%
294Dynamite Kid
77.2%
109Andre the Giant
76.7%
6Akira Tozawa [Raw CW (6)], Velvet McIntyre [Womens (6)]
76.6%
932John Morrison
76.6%
278Chyna
76.4%
178Jinder Mahal
76.3%
54Bobby Roode
76.3%
Days Superstar % Correct
602AJ Styles
76%
156Natalya
75.7%
1647Pedro Morales
75.5%
84Chad Gable
75.4%
406AJ Lee
75.2%
70Baron Corbin
75.1%
213Road Warrior Hawk
75%
157Test
74.7%
642Xavier Woods
74.5%
529William Regal
74.4%
397Wade Barrett
74.2%
112Goldberg
74.2%
235Jack Swagger
74%
416Kevin Owens
74%
184Heath Slater
73.5%
231Rikishi
73.4%
38Pat Barrett
73.4%
61Rich Swann
73.3%
445Mickie James
72.8%
587+Cesaro
72.7%
46T.J. Perkins
72.7%
306Road Warrior Animal
72.5%
94Raven
72.5%
106The Iron Sheik
72.3%
586The Usos (Jimmy and Jey)
72.3%
774Shelton Benjamin
71.8%
79Faarooq
71.8%
77Tommy Dreamer
71.7%
42Mr. Kennedy
71.3%
571Beth Phoenix
71.2%
406Mr. Perfect
70.8%
162Rhyno
70.8%
2Viscera
70.5%
119Paige
70.3%
363Jeff Jarrett
69.6%
70The Prime Time Players (Titus O'Neil and Darren Young)
69.6%
496Michelle McCool
69.6%
166D'Lo Brown
69.5%
258David Hart Smith
69.5%
642The Hurricane
69.5%
364Brian Kendrick
69.3%
455Yokozuna
69%
51Ezekiel Jackson
68.8%
50Ahmed Johnson
68.8%
768Tito Santana
68.6%
154Soul Patrol (Tony Atlas and Rocky Johnson)
68.5%
112Scotty 2 Hotty
68.1%
271Layla
68.1%
483Jim Neidhart
68.1%
148Rick Rude
67.8%
204Bobby Lashley
67.8%
93Zack Ryder
67.8%
9Stan Stasiak [WWE (9)], Henry O. Godwinn [World Tag (9)]
67.6%
148Val Venis
67.6%
27Albert [IC (27)], Grand Master Sexay [World Tag (27)], Gerald Brisco [Hardcore (27)]
67.6%
85Roddy Piper
67.5%
129Jacqueline
67.5%
405Santino Marella
67.3%
61Diamond Dallas Page
67.3%
331Ivory
66.9%
64Sgt. Slaughter
66.8%
439Tajiri
66.8%
97Sycho Sid
66.6%
118Umaga
66.6%
496Montel Vontavious Porter
66.6%
236Charlie Haas
66.6%
0Christopher Nowinski, Godfather's Ho, Johnny 'The Bull' Stamboli, Justin Credible, The Mean Street Posse (Joey Abs, Pete Gas, and Rodney), Shawn Stasiak, and Terri
66.6%
321Tyson Kidd
66.4%
441Sensational Sherri
66.4%
77The Godfather
66.3%
104Kelly Kelly
66.3%
291Joey Mercury
66.1%
185Luke Harper
65.9%
398Melina
65.9%
245Drew McIntyre
65.8%
167Ken Shamrock
65.8%
548Irwin R. Schyster
65.8%
220Billy Kidman
65.4%
61The Great Khali
65.4%
186Luke Graham and Tarzan Tyler
65.4%
76The Brain Busters (Arn Anderson and Tully Blanchard)
65.4%
239Pat Patterson
65.3%
49Finlay
65.3%
82Sasha Banks
65.3%
100Justin Gabriel
65.3%
22Buddy Rogers
65.1%
140+Shinsuke Nakamura
65.1%
523Paul London
64.9%
296Superstar Billy Graham
64.8%
21Ivan Koloff
64.8%
160R-Truth
64.8%
260Eve Torres
64.8%
357Dean Malenko
64.8%
112Ryback
64.6%
176Sable
64.6%
43Mideon
64.6%
92David Otunga
64.4%
539Alundra Blayze
64.1%
41Lailani Kai
64.1%
365Rick Martel
63.9%
Days Superstar % Correct
230Jerry Valiant, Lance Cade, and Trevor Murdoch
63.9%
511Greg Valentine
63.7%
496Carlito
63.7%
147Jamie Noble
63.7%
296Curtis Axel
63.2%
272Rusev
63.1%
133Kalisto
62.8%
174Lance Storm
62.6%
0Dean Douglas [IC (0)], Jillian Hall [Divas (0)]
62.6%
109Haku
62.4%
244Victoria
62.2%
108Enzo Amore
62.2%
183Al Snow
62.1%
315Taka Michinoku
62.1%
44Tazz
62.1%
279Adrian Adonis and Dick Murdoch
62.1%
1Chainsaw Charlie [World Tag (1)], Hervina [Womens (1)]
62.1%
173Orlando Jordan
61.7%
37Perry Saturn
61.6%
265Maryse
61.2%
172Steve Blackman
61.2%
541Don Muraco
61%
105+Ronda Rousey
60.9%
27Marty Jannetty
60.7%
133Deuce 'n' Domino
60.7%
88The Steiner Brothers (Rick and Scott)
60.5%
70Funaki
60.4%
56Alicia Fox
60%
35Maven and Steven Richards
60%
78Nikolai Volkoff
59.9%
65Ricky Steamboat
59.2%
162Jazz
58.9%
470Primo
58.7%
449Wendi Richter
58.7%
148Crush, Jules Strongbow, and The Yukon Lumberjacks (Yukon Eric and Yukon Pierre)
58.7%
218The Mountie
58%
65Hornswoggle
57.8%
153Kaitlyn
57.3%
60Kanyon
57.2%
453Gillberg
57.2%
932Mr. Fuji
57.2%
106Epico
56.8%
145The Basham Brothers (Doug and Danny)
56.7%
63Curt Hawkins
56.7%
105Candice Michelle
56.2%
431The Wild Samoans (Afa and Sika)
56.2%
216Quebecer Pierre and the Spirit Squad (Kenny, Mikey, Johnny, Mitch)
56%
231Ken Patera
55.6%
189Rene Dupree
55.6%
76Vladimir Kozlov
55.5%
157Chuck Palumbo
55.5%
50The Kat
55.3%
85The Natural Disasters (Earthquake and Typhoon)
55.1%
84The Texas Tornado
54.1%
124Samu
54.1%
134Bull Nakano
53.6%
28Thrasher
53.6%
226Brutus Beefcake
53.5%
37Juventud
53.3%
75Nunzio
52.8%
146Evan Bourne
52.6%
56+Buddy Murphy
52.6%
42Kid Kash
52.4%
502Rockin' Robin
52.3%
29Essa Rios [LHW (29)], Debra [Womens (29)]
52.1%
174Robert Conway
52.1%
57Bertha Faye
51.9%
140Rosey
51.9%
600Johnny Valiant
51.1%
370Jimmy Valiant
51.1%
49The Bodydonnas (Skip and Zip)
51.1%
155The Nasty Boys (Brian Knobbs and Jerry Sags)
50.8%
72Rico
50.4%
272Sylvain Grenier
50.3%
36Damien Sandow [Raw Tag (36)], Sonny King [World Tag (36)]
50.1%
569Professor Tanaka
49.7%
137Barry Windham
49.6%
62Eugene
49.6%
104Dino Bravo and Haystacks Calhoun
49.4%
93Heidenreich
49.2%
81Moondog Spot
49.1%
34Bull Buchanan
49.1%
597Tony Garea
48.9%
40Sean O'Haire
48.4%
37Jerry Lynn
48.2%
126Moondog Rex
48.2%
74The Blackjacks (Blackjack Lanza and Blackjack Mulligan)
47.4%
15Mike Awesome
46.5%
421Chief Jay Strongbow
45.4%
363Mr. Saito
45.4%
168The Executioners (#1 and #2)
45%
91Kenzo Suzuki
44.7%
173Ivan Putski
44.5%
57Karl Gotch and Rene Goulet
44.2%
237Billy White Wolf
42.5%
209Dominic DeNucci
41.3%
105Larry Zbyszko
40.3%
67Victor Rivera
38.3%
111King Curtis Iaukea and Mikel Scicluna
37.3%
185Louis Cerdan and Tony Parisi
36.1%

You're not logged in!

Compare scores with friends on all Sporcle quizzes.
OR
Log In

You Might Also Like...

Show Comments

Extras

Top Quizzes Today


Score Distribution

Your Account Isn't Verified!

In order to create a playlist on Sporcle, you need to verify the email address you used during registration. Go to your Sporcle Settings to finish the process.

Report this User

Report this user for behavior that violates our Community Guidelines.

Details: